Statistics for Random Knowledge Quiz #38

Click here to take the quiz!

General Stats

  • This quiz has been taken 106 times
  • The average score is 7 of 15

Answer Stats

QuestionAnswer% Correct
Theoratically, from which US state could you go to Russia with a row boat?Alaska
88%
Which country is the world's biggest exporter of coffee?Brazil
81%
Which bird was used as a messenger in ancient times?Carrier pigeons
80%
Which country in the European Union has the longest border with Russia?Finland
59%
What fictional place is called Midden-aarde in Dutch, Mittelerde in German, Terre du Milieu in French, and Keski-Maa in Finnish?Middle-earth
58%
What is Clint Barton's superhero name in the Marvel Universe?Hawkeye
55%
What is the occupation of Monica Geller, Sookie St. James, Piper Halliwell, and Tiana?Chef
53%
What is the highest possible score in bowling?300
50%
What's the name of Jack Sparrow's ship?Black Pearl
50%
Who has been played by Richard Harris, Michael Gambon, and Jude Law?Albus Dumbledore
35%
Which accessory was once a must for ladies at formal British weddings?Hat
31%
What is the phase change called when solid turns directly to gas?Sublimation
21%
Finish this quote: To protect the world from devastation / To unite all peoples within our nation / To denounce the evils of truth and love / To extend our reach to the...Stars above
13%
Sirius is in which constallation?Canis Major
7%
Mountain chicken is a real animal but it's not a bird, it's a... What?Frog
1%

Score Distribution

Percentile by Number Answered

Percent of People with Each Score

Your Score History

You have not taken this quiz